000
00344nas a2200157 a 4500
001
75709
003
150671
005
20201118111313.0
008
||||||n9999 ||| || ||
245
0
_a
Time - Vol.155 No.14
260
_a
Estados Unidos :
562
_e
1
773
_0
21966
_a
Time
942
_c
SISS
999
_c
75709
_d
75709